00580nam a2200205Ia 450000500170000000800410001702000130005804000190007104100120009008200130010210000280011524500500014325000130019326000430020630000410024950400190029065000260030965100290033585000100036420220808090502.0131103s9999 xx 000 0 und d cRs. 8.25 aLoreto College aEnglish a572bHER aHerskovits, Melville F. aCultural anthropologycMelville F. Herskovits aRev. ed. aKolkatabOxford & IBH Publishingc1955 axvi, 569, xxxivb ill., fig., photos aReprinted 1958 aCultural anthropology aCulture and institutions aLCLIB